[Event "GER MS-156 email"]
[Site "GER email"]
[Date "2012.04.22"]
[Round "?"]
[White "Pukropski, Goetz"]
[Black "Stolz, Peter"]
[Result "1/2-1/2"]
[WhiteElo "1867"]
[BlackElo "1963"]
[PlyCount "49"]
[EventDate "2012.05.04"]
[EventType "tourn (corr)"]
[EventRounds "6"]
[EventCountry "GER"]
[SourceTitle "Corr 2015"]
[Source "ChessBase"]
[SourceDate "2015.07.17"]
[SourceVersion "1"]
[SourceVersionDate "2015.07.17"]
[SourceQuality "1"]

1. d4 Nf6 2. Nf3 d5 3. c4 c6 4. e3 e6 5. Nbd2 Nbd7 6. Bd3 c5 7. 0-0 Be7 8. b3 0-0 9. Bb2 b6 10. Rc1 Bb7 11. Qe2 Ne4 12. cxd5 exd5 13. Ne5 cxd4 14. exd4 Nxe5 15. dxe5 Nc5 16. Nf3 Nxd3 17. Qxd3 Bc5 18. Nd4 Re8 19. Qg3 Qd7 20. b4 Bxd4 21. Bxd4 g6 22. Rfe1 Rac8 23. Rxc8 Bxc8 24. Rc1 Ba6 25. Qg5 1/2-1/2

[Event "CP-2011-P-00059"]
[Site "LSS email"]
[Date "2011.09.30"]
[Round "?"]
[White "Kepinski, Janusz"]
[Black "Stolz, Peter"]
[Result "0-1"]
[WhiteElo "1212"]
[BlackElo "2136"]
[PlyCount "70"]
[EventDate "2011.10.01"]
[EventType "tourn (corr)"]
[EventRounds "6"]
[EventCountry "GER"]
[SourceTitle "Telechess CBM 153"]
[Source "ChessBase"]
[SourceDate "2013.03.14"]
[SourceVersion "1"]
[SourceVersionDate "2013.03.14"]
[SourceQuality "1"]

1. d4 Nf6 2. c4 e6 3. Nf3 d5 4. cxd5 exd5 5. Nc3 c6 6. Qc2 Bd6 7. Bg5 0-0 8. g3 Na6 9. e3 h6 10. Bxf6 Qxf6 11. Bg2 Bg4 12. Nd2 Nb4 13. Qb1 Bf5 14. e4 Qxd4 15. 0-0 Qxd2 16. Rd1 Qc2 17. exf5 Qxb1 18. Raxb1 Rfe8 19. a3 Na6 20. Bf1 Nc7 21. Re1 Rxe1 22. Rxe1 Kf8 23. f4 Re8 24. Rxe8+ Nxe8 25. Bd3 Bc5+ 26. Kg2 Bd4 27. Nd1 a5 28. b3 Nc7 29. a4 Ke7 30. g4 Kd6 31. g5 f6 32. gxf6 gxf6 33. Kf3 b5 34. Ke2 bxa4 35. bxa4 Kc5 0-1

[Event "CP-2011-P-00059"]
[Site "LSS email"]
[Date "2011.09.30"]
[Round "?"]
[White "Nenciulescu, Silviu Catalin"]
[Black "Stolz, Peter"]
[Result "1/2-1/2"]
[WhiteElo "2059"]
[BlackElo "2136"]
[PlyCount "75"]
[EventDate "2011.10.01"]
[EventType "tourn (corr)"]
[EventRounds "6"]
[EventCountry "GER"]
[SourceTitle "Telechess CBM 153"]
[Source "ChessBase"]
[SourceDate "2013.03.14"]
[SourceVersion "1"]
[SourceVersionDate "2013.03.14"]
[SourceQuality "1"]

1. d4 Nf6 2. c4 e6 3. Nf3 b6 4. a3 Bb7 5. Nc3 d5 6. Bg5 Be7 7. Bxf6 Bxf6 8. cxd5 exd5 9. g3 0-0 10. Bg2 Na6 11. 0-0 Qe7 12. Qb3 Rad8 13. e3 Qd7 14. Rfc1 c6 15. a4 c5 16. a5 c4 17. Qb5 Qxb5 18. Nxb5 Nb4 19. axb6 axb6 20. b3 cxb3 21. Ra3 b2 22. Rb1 Ra8 23. Rb3 Be7 24. R3xb2 Ra4 25. Nc3 Ra3 26. Ne2 Ra4 27. Ne5 Rfa8 28. Nd7 R8a6 29. Nc3 Ra3 30. Bf1 Rxc3 31. Rxb4 Bxb4 32. Bxa6 Bxa6 33. Rxb4 f6 34. Rxb6 Bc8 35. Nc5 Bh3 36. Rb1 Kf7 37. Ra1 g5 38. Rb1 1/2-1/2

[Event "LSS CP-2007-Q-00005"]
[Site "LSS email"]
[Date "2009.01.15"]
[Round "?"]
[White "Petters, Paul"]
[Black "Stolz, Peter"]
[Result "0-1"]
[WhiteElo "1915"]
[BlackElo "2136"]
[PlyCount "88"]
[EventDate "2009.01.15"]
[EventType "tourn (corr)"]
[EventRounds "6"]
[EventCountry "GER"]
[SourceTitle "Telechess CBM 137"]
[Source "ChessBase"]
[SourceDate "2010.07.15"]
[SourceVersion "1"]
[SourceVersionDate "2010.07.15"]
[SourceQuality "1"]

1. e4 c5 2. Nf3 d6 3. d4 cxd4 4. Nxd4 Nf6 5. Nc3 Nc6 6. Bg5 Bd7 7. Qd2 Rc8 8. 0-0-0 Nxd4 9. Qxd4 Qa5 10. f4 Rxc3 11. bxc3 e5 12. Qb4 Qxb4 13. cxb4 Nxe4 14. Bh4 g5 15. fxg5 Be7 16. Re1 Nxg5 17. Rg1 a6 18. Kb2 Be6 19. Re3 f5 20. b5 Ne4 21. Bxe7 Kxe7 22. Ra3 axb5 23. Bxb5 h5 24. Rd1 Rg8 25. g3 h4 26. Ra7 Nc5 27. Ra3 d5 28. Re3 Ne4 29. Bd3 d4 30. Rxe4 fxe4 31. Bxe4 hxg3 32. hxg3 b5 33. Rg1 b4 34. a4 bxa3+ 35. Kxa3 Kd6 36. Kb2 Bd5 37. Bh7 Rg7 38. Bd3 Rb7+ 39. Ka1 e4 40. Bf1 e3 41. Bd3 Kc5 42. Rc1 Kb4 43. Kb2 Bc4 44. Bf5 Ka4+ 0-1

[Event "LSS CP-2007-Q-00005"]
[Site "LSS email"]
[Date "2009.01.15"]
[Round "?"]
[White "Stolz, Peter"]
[Black "Horton, Justin"]
[Result "1-0"]
[WhiteElo "2112"]
[BlackElo "1986"]
[PlyCount "72"]
[EventDate "2009.01.15"]
[EventType "tourn (corr)"]
[EventRounds "6"]
[EventCountry "GER"]
[SourceTitle "Corr 2011"]
[Source "ChessBase"]
[SourceDate "2010.08.31"]
[SourceVersion "1"]
[SourceVersionDate "2010.08.31"]
[SourceQuality "1"]

1. e4 e5 2. Nf3 Nc6 3. Bc4 Bc5 4. c3 Nf6 5. d4 exd4 6. cxd4 Bb4+ 7. Bd2 Bxd2+ 8. Nbxd2 d5 9. exd5 Nxd5 10. Qb3 Nce7 11. 0-0 0-0 12. Rfe1 c6 13. Rac1 h6 14. Ne4 Qb6 15. Qa3 Bf5 16. Nh4 Bh7 17. Nc5 Rfe8 18. Nf3 Rad8 19. h3 Ng6 20. h4 Ngf4 21. g3 Ne6 22. Re5 Nxc5 23. dxc5 Qc7 24. Rxe8+ Rxe8 25. Qxa7 Nf6 26. Re1 Rxe1+ 27. Nxe1 Be4 28. Qa8+ Kh7 29. Qa3 Qd7 30. Qe3 g6 31. a3 Bd5 32. Bxd5 Qxd5 33. Qf3 Qe6 34. Nc2 Qe5 35. b4 h5 36. Qf4 Qxf4 1-0

[Event "LSS CP-2008-P-00070"]
[Site "LSS email"]
[Date "2008.10.01"]
[Round "?"]
[White "Gatto, Valeria"]
[Black "Stolz, Peter"]
[Result "0-1"]
[WhiteElo "800"]
[BlackElo "2088"]
[PlyCount "30"]
[EventDate "2008.10.01"]
[EventType "tourn (corr)"]
[EventRounds "6"]
[EventCountry "GER"]
[SourceTitle "Corr 2013"]
[Source "ChessBase"]
[SourceDate "2012.11.12"]
[SourceVersion "1"]
[SourceVersionDate "2012.11.12"]
[SourceQuality "1"]
[WhiteTeam "US of America"]
[BlackTeam "US of America"]
[WhiteTeamCountry "USA"]
[BlackTeamCountry "USA"]

1. e4 c5 2. Nf3 d6 3. d4 cxd4 4. Nxd4 Nf6 5. Nc3 a6 6. Be3 e5 7. Nb3 Be6 8. Qd2 Nbd7 9. f3 b5 10. g4 Nb6 11. g5 Nfd7 12. Nd5 Rc8 13. 0-0-0 Bxd5 14. exd5 Nc4 15. Bxc4 bxc4 0-1